[Event "Collado Villalba op-B 36th"]
[Site "Collado Villalba"]
[Date "2019.08.31"]
[Round "9"]
[White "Medrano del Val, Julio"]
[Black "Garcia Castineira, Ivan"]
[Result "1-0"]
[WhiteElo "1789"]
[BlackElo "1640"]
[PlyCount "47"]
[EventDate "2019.08.23"]
[EventType "swiss"]
[EventRounds "9"]
[EventCountry "ESP"]
[SourceTitle "CBM 192 Extra"]
[Source "Chessbase"]
[SourceDate "2019.11.06"]
[SourceVersion "1"]
[SourceVersionDate "2019.11.06"]
[SourceQuality "1"]

1. d4 d5 2. Nf3 e6 3. Bf4 Nf6 4. e3 Bd6 5. Bg5 Nbd7 6. Nbd2 c6 7. a3 h6 8. Bh4 Qc7 9. c4 0-0 10. c5 Be7 11. Bg3 Qd8 12. Bd3 Nh5 13. Qc2 f5 14. Be5 Nhf6 15. h3 Ne4 16. Bh2 Bf6 17. b4 b6 18. Rc1 bxc5 19. bxc5 Qa5 20. 0-0 Qxa3 21. Ra1 Qc3 22. Bxe4 Qxc2 23. Bxc2 Re8 24. Bd6 1-0

[Event "Madrid San Viator op-B 28th"]
[Site "Madrid"]
[Date "2017.05.07"]
[Round "5"]
[White "Garcia Castineira, Ivan"]
[Black "Gallego Romero, Manuel"]
[Result "1-0"]
[WhiteElo "1656"]
[BlackElo "1486"]
[PlyCount "78"]
[EventDate "2017.03.26"]
[EventType "swiss"]
[EventRounds "9"]
[EventCountry "ESP"]
[SourceTitle "EXT 2019"]
[Source "ChessBase"]
[SourceDate "2018.10.10"]
[SourceVersion "1"]
[SourceVersionDate "2018.10.10"]
[SourceQuality "1"]

1. d4 d5 2. c4 c6 3. Nc3 e6 4. Nf3 h6 5. Bf4 Nf6 6. h3 Bb4 7. a3 Bxc3+ 8. bxc3 dxc4 9. e3 b5 10. a4 Nd5 11. Qc1 Nxf4 12. exf4 0-0 13. Be2 Nd7 14. 0-0 Nf6 15. Ne5 Bb7 16. Bf3 Nd5 17. g3 a6 18. Qb2 Qc7 19. Rfb1 Rfd8 20. Nxc4 Nxf4 21. gxf4 Qxf4 22. Qe2 Rab8 23. Ne5 Rd6 24. axb5 axb5 25. Nd3 Qg5+ 26. Kh2 Qe7 27. Ra7 f6 28. Nc5 Qc7 29. Kg1 Qb6 30. Qa2 Kf7 31. Bg4 Rd5 32. Bxe6+ Kf8 33. Nd7+ Rxd7 34. Bxd7 Qc7 35. Qe6 Rd8 36. Rxb7 Qxb7 37. Bxc6 Qc7 38. Bd5 Re8 39. Qg8+ Ke7 1-0

[Event "Villalba op 3rd"]
[Site "Villalba"]
[Date "2015.08.13"]
[Round "5"]
[White "Cabanas Bravo, Juan Andres"]
[Black "Garcia Castineira, Ivan"]
[Result "1-0"]
[WhiteElo "2072"]
[BlackElo "1688"]
[PlyCount "66"]
[EventDate "2015.08.09"]
[EventType "swiss"]
[EventRounds "9"]
[EventCountry "ESP"]
[SourceTitle "EXT 2024"]
[Source "ChessBase"]
[SourceDate "2023.10.10"]
[SourceVersion "1"]
[SourceVersionDate "2023.10.10"]
[SourceQuality "1"]

1. e4 e6 2. d4 d5 3. Nc3 Nf6 4. e5 Nfd7 5. Qg4 c5 6. Be3 Nc6 7. Nf3 cxd4 8. Bxd4 Nxd4 9. Qxd4 Qb6 10. Qxb6 Nxb6 11. Nb5 Kd8 12. Ng5 Rg8 13. Nxf7+ Ke8 14. Ng5 Kd8 15. Bd3 Be7 16. Bxh7 Rf8 17. Nf3 Bd7 18. Bd3 a6 19. Nbd4 Rc8 20. 0-0-0 Bc5 21. Rd2 Rf4 22. Ne2 Ra4 23. Ng3 Rxa2 24. Kb1 Ra4 25. Nh5 g6 26. Nf6 Bb5 27. h4 Bb4 28. Re2 Rc3 29. Bxb5 axb5 30. Nd4 Rc8 31. h5 Nc4 32. hxg6 Kc7 33. Rh7+ Kb6 1-0

[Event "Collado Villalba op-B 28th"]
[Site "Collado Villalba"]
[Date "2011.08.23"]
[Round "1.4"]
[White "Garcia Castineira, Ivan"]
[Black "Montiel Miguelez, Manuel"]
[Result "0-1"]
[WhiteElo "1701"]
[BlackElo "1937"]
[PlyCount "50"]
[EventDate "2011.08.23"]
[EventType "swiss"]
[EventRounds "9"]
[EventCountry "ESP"]
[SourceTitle "EXT 2024"]
[Source "ChessBase"]
[SourceDate "2023.10.10"]
[SourceVersion "1"]
[SourceVersionDate "2023.10.10"]
[SourceQuality "1"]

1. d4 d5 2. c4 c6 3. Nc3 Bf5 4. Bf4 e6 5. Nf3 Nf6 6. e3 Nbd7 7. a3 Be7 8. Be2 0-0 9. 0-0 Nh5 10. Bg3 Nxg3 11. fxg3 Bg6 12. b4 dxc4 13. Bxc4 Nb6 14. Bb3 Nd5 15. Nxd5 exd5 16. Ne5 Be4 17. Qg4 Qd6 18. Nd7 f5 19. Qh3 Qxd7 20. Rf4 Qd6 21. g4 Bg5 22. Rf2 f4 23. Qh5 fxe3 24. Rxf8+ Qxf8 25. Rf1 Qe7 0-1